Capoluoghi di Provincia di 4 Lettere - Statistics

Statistiche generali
  • Questo quiz è stato fatto 176 volte
  • Il punteggio medio è 6 su 7
Statistiche sulle risposte
Lettera iniziale Capoluogo di Regione % Corretto
R Roma
97%
B Bari
95%
C Como
93%
E Enna
93%
A Asti
92%
P Pisa
91%
L Lodi
84%
Nessun quiz corrispondente trovato
Distribuzione punteggi
Percentuale di utenti per punteggio
Percentile per numero di risposta
I tuoi punteggi nel tempo
Non hai fatto questo quiz